000 00947nam a22003017a 4500
001 0133
003 DO-SdBNP
005 20221117113459.0
008 151005b2009 sp 00| 0 spa d
020 _a9788495920058
040 _aBPMSU
_bspa
_cBPMSU
082 _a862.2
_bR741c 2009
_222
092 _aXXXX
_bXXXX
100 1 _aRojas, Fernando de
_d1475?-1538?
245 1 3 _aLa celestina /
_cFernando de Rojas ; edición Esther Borrego.
250 _a3a. ed.
260 _aMadrid :
_bCooperación editorial,
_c2009.
300 _a233 p. ;
_c21 cm.
490 0 _aClásicos populares,
_v7
500 _aIncluye referencia bibliográficas y notas a pie de páginas
521 1 _aA partir de los 12 años
590 _6Inventariado, 2022/VM
650 4 _aTeatro español-- Literatura juvenil
_vLiteratura juvenil
700 1 _aBorrego, Esther,
_edir.
830 0 _aClásicos populares
_n7
910 _aLockward/VMateo V./Validado
942 _2ddc
_cBK
999 _c8765
_d8765